Adivinhe a Letra: Você Não Me Ensinou a Te Esquecer - Statistics

Estatísticas Gerais
  • Esse quiz foi jogado 28 vezes
  • A pontuação média é 94 de 132
Estatísticas das Respostas
Letra % Correto
a
100%
É
100%
E
100%
e
100%
se
100%
da
95%
eu
95%
Que
95%
que
95%
agora
91%
Agora
91%
faço
91%
me
91%
91%
91%
te
91%
vida
91%
você
91%
Você
91%
você?
91%
ensinou
86%
Não
86%
não
86%
querer
86%
De
82%
de
82%
esquecer
82%
querendo
82%
sem
82%
vou
82%
Vou
82%
em
68%
no
68%
perdendo
68%
sozinho
68%
tentando
68%
Do
64%
encontrar
64%
por
64%
seus
64%
vazio
64%
abraços
59%
atirou
59%
braços
59%
deixou
59%
faz
59%
os
59%
outros
59%
passos
59%
pra
59%
tanto
59%
ver
59%
aqui
55%
mais
55%
Perdido
55%
tempo
55%
uma
55%
abismo
50%
Buscando
50%
50%
olhar
50%
vejo
50%
vez
50%
bem
45%
cheguei
45%
encontro
45%
Nunca
45%
olhos,
45%
ponto
45%
vezes
45%
aceitar
41%
diversas
41%
fazer
41%
nesse
41%
perdoar
41%
sinto
41%
tal
41%
desespero
36%
minto
36%
onde
36%
podia
36%
retirou
36%
trocar
36%
verdade,
36%
perdê-la
32%
Prometo,
32%
ganhar
27%
vontade
27%
Nenhum quiz correspondente encontrado
Distribuição das Pontuações
Porcentagem de Pessoas com Cada Pontuação
Percentil de Números Respondidos
Sua Pontuação Histórica
Você não jogou esse quiz